000 00581nam a2200229Ia 4500
003 OSt
005 20221005123939.0
006 a|||||r|||| 00| 0
007 ta
008 221004b |||||||| |||| 00| 0 hin d
024 _a53881
037 _cTextual
040 _aCRL
_cCRL
_bhin
041 _2hin
_ahin
082 _aO152,3N00x, 32J7
100 _aBenipuri Rambriksh
245 0 _aMann kolangal
260 _c1957
650 _aHINDI LITERATURE
_923866
942 _hO152,3N00x, 32J7
_cTEXL
_2cc
999 _c1049026
_d1049026